Le cinéma japonais - 3e éd. (notice n° 1925586)

détails MARC
000 -LEADER
fixed length control field 01312cam a2200145 4500500
005 - DATE AND TIME OF LATEST TRANSACTION
control field 20260329023223.0
041 ## - LANGUAGE CODE
Language code of text/sound track or separate title fre
042 ## - AUTHENTICATION CODE
Authentication code dc
100 10 - MAIN ENTRY--PERSONAL NAME
Personal name Tessier, Max
Relator term author
245 00 - TITLE STATEMENT
Title Le cinéma japonais - 3e éd.
260 ## - PUBLICATION, DISTRIBUTION, ETC.
Name of publisher, distributor, etc. Armand Colin,<br/>
Date of publication, distribution, etc. 2018.<br/>
520 ## - SUMMARY, ETC.
Summary, etc. Le cinéma japonais reste dans son ensemble mal compris ou ignoré du grand public, en dehors des auteurs dûment consacrés comme Kurosawa, Mizoguchi, Ozu, Imamura, Oshima, grands arbres qui cachent une forêt touffue.Cet ouvrage parcourt 120  ans de créations en tissant les liens entre les générations de cinéastes successives, du muet aux films les plus récents, sans oublier l’anime qui a su conquérir les écrans du monde entier. Dans une perspective historique, sociale et esthétique, il  propose une synthèse propre aux découvertes et fournit des repères essentiels pour comprendre le cinéma polymorphe d’un pays complexe qui fascine depuis toujours l’Occident.Enrichie d’illustrations, cette 3e  édition actualisée évoque notamment les résonances du traumatisme post-tsunami de Fukushima dans les dernières œuvres de fiction ou documentaires.
700 10 - ADDED ENTRY--PERSONAL NAME
Personal name Monvoisin, Frédéric
Relator term author
856 41 - ELECTRONIC LOCATION AND ACCESS
Uniform Resource Identifier <a href="https://shs.cairn.info/le-cinema-japonais--9782200271589?lang=fr&redirect-ssocas=7080">https://shs.cairn.info/le-cinema-japonais--9782200271589?lang=fr&redirect-ssocas=7080</a>

Pas d'exemplaire disponible.

PLUDOC

PLUDOC est la plateforme unique et centralisée de gestion des bibliothèques physiques et numériques de Guinée administré par le CEDUST. Elle est la plus grande base de données de ressources documentaires pour les Étudiants, Enseignants chercheurs et Chercheurs de Guinée.

Adresse

627 919 101/664 919 101

25 boulevard du commerce
Kaloum, Conakry, Guinée

Réseaux sociaux

Powered by Netsen Group @ 2025